000 00518nam a22001817a 4500
003 CEME
005 20210628203257.0
008 210122b xxu||||| |||| 00| 0 eng d
040 _c.
082 _a658.4519 GIB
100 _aGibson, Jane Whitney, Hodgetts, Richard M
_964461
245 _aOrganizational communication, a managerial perspective
250 _a2ND
260 _aISLAMABAD
_bNATIONAL BOOK FOUNDATION
_c2007
300 _aXV,494 P
650 _aORGANIZATIONAL COMMUNICATION
_964462
942 _cBK
_2ddc
999 _c572939
_d572939